000 00464nam a22001937a 4500
020 _a9879640586
080 _a343.71 Sa 16
100 _aSaez Capel, Jose
245 _aInformatica y Delito
250 _a2ยช Ed.
260 _aBuenos Aires
_bProa XXI
_c2001
300 _a259 P.
650 _xDelincuencia informatica
650 _xDelitos informaticos
650 _xLey 25036
650 _xpropiedad intelectual
942 _6_
945 _acd
_d2014-12-22
999 _c3468
_d233972